Loading...
| Science - Chemistry | 4 | 5 | 1 | 0 | 105 | 32 | 57.22 | 3 | 9 | 40.57 | 66.67 |
| Science - Biology | 5 | 3 | 1 | 1 | 100 | 17 | 59.00 | 5 | 7 | 34.45 | 55.21 |
| Science - Other | 2 | 5 | 0 | 1 | 80 | 25 | 75.71 | 1 | 6 | 25.20 | 45.83 |
| Science - Physics | 4 | 2 | 2 | 0 | 70 | 28 | 59.33 | 3 | 5 | 26.90 | 44.79 |
| Religion | 2 | 2 | 0 | 1 | 50 | 15 | 73.25 | 2 | 3 | 16.04 | 27.27 |
| Mythology | 0 | 5 | 1 | 2 | 45 | 90 | 114.60 | 1 | 5 | 8.97 | 34.09 |
| Fine Arts - Visual | 2 | 1 | 0 | 1 | 40 | 54 | 85.67 | 0 | 3 | 9.64 | 14.58 |
| Literature - British | 1 | 2 | 0 | 0 | 35 | 49 | 81.00 | 0 | 2 | 10.38 | 18.75 |
| Pop Culture | 0 | 3 | 0 | 0 | 30 | 87 | 106.00 | 1 | 2 | 14.97 | 45.00 |
| Social Science | 1 | 2 | 1 | 0 | 30 | 62 | 88.33 | 1 | 2 | 8.17 | 19.32 |
| History - European | 0 | 3 | 1 | 1 | 25 | 81 | 94.67 | 1 | 3 | 8.20 | 20.83 |
| Philosophy | 1 | 2 | 2 | 1 | 25 | 73 | 110.00 | 0 | 2 | 5.27 | 9.38 |
| History - American | 0 | 2 | 0 | 0 | 20 | 68 | 86.50 | 0 | 1 | 6.26 | 10.42 |
| History - Other | 1 | 1 | 1 | 0 | 20 | 26 | 49.50 | 1 | 2 | 11.12 | 15.91 |
| Social Science- Edited | 0 | 1 | 0 | 0 | 10 | 85 | 85.00 | 0 | 1 | 27.35 | 25.00 |
| History - World | 0 | 1 | 0 | 0 | 10 | 66 | 66.00 | 0 | 1 | 3.56 | 5.77 |
| Literature - European | 1 | 0 | 1 | 0 | 10 | 73 | 73.00 | 1 | 1 | 4.05 | 8.33 |
| Literature - World | 1 | 1 | 3 | 1 | 10 | 67 | 76.00 | 0 | 2 | 7.72 | 13.54 |
| Mythology- Edited | 0 | 1 | 0 | 0 | 10 | 90 | 90.00 | 1 | 1 | 35.25 | 100.00 |
| Religion- Edited | 0 | 1 | 0 | 0 | 10 | 93 | 93.00 | 0 | 1 | 32.12 | 75.00 |
| Fine Arts - Auditory | 0 | 1 | 0 | 0 | 10 | 101 | 101.00 | 0 | 0 | 2.32 | 4.17 |
| Literature - American | 0 | 1 | 1 | 0 | 5 | 103 | 103.00 | 0 | 0 | 2.29 | 5.21 |
| Fine Arts - Other | 0 | 0 | 1 | 0 | -5 | 0.00 | 0 | 0 | 0.00 | 0.00 |